| 000 | 00629 a2200193 4500 | ||
|---|---|---|---|
| 999 |
_c9276 _d9276 |
||
| 020 | _a0409060151 (pbk.) | ||
| 050 | 0 | 0 | _aKTL834WAL2005 |
| 100 | 1 | _aVan der Walt, J. C. | |
| 245 | 1 | 0 |
_aPrinciples of delict / _cJ.C. van der Walt, J.R. Midgley. |
| 250 | _a3rd ed. | ||
| 264 |
_aCape Town: _bLexISNEXIS Butter worth, _c2005 |
||
| 300 | _axvi, 300 p. ; | ||
| 500 | _aRev. ed. of: Delict : principles and cases. 1997. | ||
| 504 | _aIncludes bibliographical references and index. | ||
| 650 | 0 | _aTorts | |
| 700 | 1 | _aMidgley, J. R. | |
| 942 |
_2lcc _cBK _h834 _iWAL _kKTL |
||